| 000 | 00463nam a22001697a 4500 | ||
|---|---|---|---|
| 005 | 20240217112652.0 | ||
| 008 | 240214b |||||||| |||| 00| 0 eng d | ||
| 020 | _a97815-43347-55-5 | ||
| 041 | _aEnglish | ||
| 082 | _aB 612.015 JAY DB1230 | ||
| 100 |
_aJayapandiyan & Prakasam Anita _9205710 |
||
| 245 | _aModern Concepts of Biophysics | ||
| 260 |
_bVision Health Sciences Publishers _aJalandhar _c2023 |
||
| 300 | _a134p | ||
| 365 | _b255.00 | ||
| 942 | _cDB | ||
| 999 |
_c357096 _d357096 |
||